Statistics for Biggest U.S. Cities by Letter - G

Click here to take the quiz!

General Stats

  • This quiz has been taken 2,763 times
    (450 since last reset)
  • The average score is 8 of 16

Answer Stats

Population State Hint City % Correct
104,879WisconsinCheeseheadsGreen Bay
80%
75,282IndianaMichael Jackson's hometownGary
76%
294,722North CarolinaPiedmont TriadGreensboro
75%
133,857FloridaUniversity of FloridaGainesville
69%
82,835ArizonaNamed after tiresGoodyear
67%
250,702ArizonaPhoenix suburbGlendale
65%
201,361CaliforniaForest Lawn CemeteryGlendale
65%
242,507TexasDallas suburb. A wreath of flowersGarland
63%
200,217MichiganKnown for furniture productionGrand Rapids
57%
93,137North CarolinaTidewaterGreenville
47%
248,279ArizonaPhoenix suburbGilbert
39%
110,158OregonPortland suburbGresham
28%
107,348ColoradoUnion Colony utopian communityGreeley
28%
194,614TexasDallas suburbGrand Prairie
24%
172,646CaliforniaOrange CountyGarden Grove
22%
77,024North CarolinaCharlotte suburbGastonia
18%

Score Distribution

Percentile by Number Answered

Percent of People with Each Score

Your Score History

You have not taken this quiz since the last reset